<?xml version="1.0" encoding="UTF-8"?>
<collection xmlns="http://www.loc.gov/MARC21/slim">
 <record>
  <leader>01097pamaa2200241   4500</leader>
  <controlfield tag="001">0000033000</controlfield>
  <controlfield tag="005">20121204090000.0</controlfield>
  <controlfield tag="008">121204s1998                             eng  </controlfield>
  <datafield tag="020" ind1="0" ind2="0">
   <subfield code="a">0962936022 (pbk.) </subfield>
  </datafield>
  <datafield tag="090" ind1="0" ind2="0">
   <subfield code="a">LB1775.2 </subfield>
   <subfield code="b">WON 1998</subfield>
  </datafield>
  <datafield tag="100" ind1="1" ind2="0">
   <subfield code="a">Wong </subfield>
  </datafield>
  <datafield tag="240" ind1="0" ind2="0">
   <subfield code="a">How to be an effective teacher</subfield>
  </datafield>
  <datafield tag="245" ind1="1" ind2="4">
   <subfield code="a">The first days of school : </subfield>
   <subfield code="b">how to be an effective teacher  </subfield>
   <subfield code="c">Harry K. Wong &amp; Rosemary T. Wong.</subfield>
  </datafield>
  <datafield tag="250" ind1="0" ind2="0">
   <subfield code="a">[2nd ed.].</subfield>
  </datafield>
  <datafield tag="260" ind1="0" ind2="0">
   <subfield code="a">Mountainview, CA: </subfield>
   <subfield code="b">Harry K. Wong Publications, </subfield>
   <subfield code="c">1998.</subfield>
  </datafield>
  <datafield tag="300" ind1=" " ind2=" ">
   <subfield code="a">xiv, 338 p.: </subfield>
   <subfield code="b">ill.; </subfield>
   <subfield code="c">21 x 26 cm.</subfield>
  </datafield>
  <datafield tag="504" ind1="0" ind2="0">
   <subfield code="a">Includes bibliographical references and index</subfield>
  </datafield>
  <datafield tag="505" ind1="0" ind2="0">
   <subfield code="a">Basic understandings: the teacher -- First characteristic: positive expectations -- Second characteristic: classroom management -- Third characteristic: lesson mastery -- Future understandings: the professional</subfield>
  </datafield>
  <datafield tag="650" ind1="0" ind2="0">
   <subfield code="a">Teaching -- </subfield>
   <subfield code="x">Vocational guidance -- </subfield>
   <subfield code="z">United States. </subfield>
  </datafield>
  <datafield tag="650" ind1="0" ind2="0">
   <subfield code="a">Effective teaching -- </subfield>
   <subfield code="z">United States. </subfield>
  </datafield>
  <datafield tag="650" ind1="0" ind2="0">
   <subfield code="a">Teachers -- </subfield>
   <subfield code="x">Training of -- </subfield>
   <subfield code="z">United States. </subfield>
  </datafield>
  <datafield tag="700" ind1="1" ind2="1">
   <subfield code="a">Wong, </subfield>
   <subfield code="h">Rosemary T. </subfield>
  </datafield>
  <datafield tag="901" ind1=" " ind2=" ">
   <subfield code="u">www.effectiveteaching.com</subfield>
  </datafield>
 </record>
</collection>
